LIBRARY ONLINE CATALOGUE

Cost-benefit analysis for project appraisal (Record no. 19046)

MARC details
000 -LEADER
fixed length control field 00427nam a22001457a 4500
008 - FIXED-LENGTH DATA ELEMENTS--GENERAL INFORMATION
fixed length control field 210923b |||||||| |||| 00| 0 eng d
020 ## - INTERNATIONAL STANDARD BOOK NUMBER
International Standard Book Number 1107548220
050 ## - LIBRARY OF CONGRESS CALL NUMBER
Classification number TA177.7
Item number .J64 2016 c.1
100 ## - MAIN ENTRY--PERSONAL NAME
Personal name Johansson, Per-Olov
245 ## - TITLE STATEMENT
Title Cost-benefit analysis for project appraisal
Statement of responsibility, etc. Per-Olov Johansson
260 ## - PUBLICATION, DISTRIBUTION, ETC. (IMPRINT)
Place of publication, distribution, etc. UK
Name of publisher, distributor, etc. Cambridge University Press
Date of publication, distribution, etc. 2016
300 ## - PHYSICAL DESCRIPTION
Extent xiii, 235p.
700 ## - ADDED ENTRY--PERSONAL NAME
Personal name Kristrom, Bengt
942 ## - ADDED ENTRY ELEMENTS (KOHA)
Source of classification or shelving scheme Library of Congress Classification
Koha item type General Collection
Holdings
Withdrawn status Lost status Source of classification or shelving scheme Not for loan Home library Current library Date acquired Cost, normal purchase price Total Checkouts Full call number Barcode Date last seen Price effective from Koha item type
    Library of Congress Classification   Kabarak, Main Campus Kabarak, Main Campus 23/09/2021 2555.00   TA177.7 .J64 2016 c.1 030174 23/09/2021 23/09/2021 General Collection
    Library of Congress Classification   Kabarak, Main Campus Kabarak, Main Campus 23/09/2021 2555.00   TA177.7 .J64 2016 c.2 030175 23/09/2021 23/09/2021 General Collection
    Library of Congress Classification   Kabarak, Nakuru City Campus Kabarak, Nakuru City Campus 23/09/2021 2555.00   TA177.7 .J64 2016 c.1 030176 23/09/2021 23/09/2021 General Collection